Historia antigua de los tres partidos de la Huasteca Potosina (Record no. 10498)

MARC details
000 -CABECERA
campo de control de longitud fija 00981nam a2200229 a 4500
001 - NÚMERO DE CONTROL
campo de control BRL_1690
005 - FECHA Y HORA DE LA ÚLTIMA TRANSACCIÓN
campo de control 20190320211326.0
008 - DATOS DE LONGITUD FIJA--INFORMACIÓN GENERAL
campo de control de longitud fija 280414s1991----mx-a######---#000-0#spa-#
020 ## - NÚMERO INTERNACIONAL ESTÁNDAR DEL LIBRO
Número Internacional Estándar del Libro 9686415157
041 ## - CÓDIGO DE LENGUA
Código de lengua del texto/banda sonora o título independiente spa
044 ## - CÓDIGO DEL PAÍS DE LA ENTIDAD EDITORA/PRODUCTORA
Código MARC del país mx
050 #4 - SIGNATURA TOPOGRÁFICA DE LA BIBLIOTECA DEL CONGRESO
Número de clasificación F1294
Número de documento/Ítem .S26 1991
100 1# - ENTRADA PRINCIPAL--NOMBRE DE PERSONA
Nombre de persona Santos Santos, Pedro Antonio
Fechas asociadas al nombre 1854-1922
9 (RLIN) 27637
245 10 - MENCIÓN DE TÍTULO
Título Historia antigua de los tres partidos de la Huasteca Potosina
Resto del título memorias de un criollo : apuntes históricos y biográficos que forma el subscrito, de la región Huasteca, sacados de documentos auténticos y recabados de personas idóneas que fueron testigos oculares de los acontecimientos a que me voy a referir
Mención de responsabilidad, etc. Pedro Antonio Santos Santos.
260 ## - PUBLICACIÓN, DISTRIBUCIÓN, ETC.
Lugar de publicación, distribución, etc. San Luis Potosí
Nombre del editor, distribuidor, etc. Archivo Histórico del Estado de San Luis Potosí
Fecha de publicación, distribución, etc. 1991
300 ## - DESCRIPCIÓN FÍSICA
Extensión vii, 101 p.
Otras características físicas il.
Dimensiones 23 cm.
500 ## - NOTA GENERAL
Nota general Au2129
500 ## - NOTA GENERAL
Nota general Incluye índice onomástico
651 #4 - PUNTO DE ACCESO ADICIONAL DE MATERIA--NOMBRE GEOGRÁFICO
Nombre geográfico Huasteca (Mexico : Región)
Subdivisión general Historia
9 (RLIN) 27638
902 ## - CATALOGADOR
Iniciales GRL
942 ## - ELEMENTOS DE PUNTO DE ACCESO ADICIONAL (KOHA)
Fuente del sistema de clasificación o colocación Library of Congress Classification
Tipo de ítem Koha Libros
Holdings
Estado de retiro Estado de pérdida Estado dañado No para préstamo Localización permanente Ubicación/localización actual Fecha de adquisición Número de inventario Total de préstamos Signatura topográfica completa Código de barras Fecha visto por última vez Precio válido a partir de Tipo de ítem Koha
El ejemplar forma parte de la colección y puede ser consultado según las políticas vigentes.       Biblioteca Centro de Estudios Ruth D. Lechuga Biblioteca Centro de Estudios Ruth D. Lechuga 28/04/2014 Au2129   F1294 .S26 1991 (Au2129) GRL01858 22/03/2019 22/03/2019 Libros